El realismo norteamericano contemporáneo desde 1960 (Record no. 1658)

MARC details
000 - LÍDER
campo de control de longitud fija 00929nam a2200205Ia 4500
008 - ELEMENTOS DE DATOS DE LONGITUD FIJA - INFORMACIÓN GENERAL
campo de control de longitud fija 0000001983 usa 0000000000eng00
090 ## - NÚMERO DE LLAMADA DE TIPO LC LOCALMENTE ASIGNADO (OCLC)
Número de clasificación (OCLC) (R) PUS00 G66r
100 1# - ENTRADA PRINCIPAL - NOMBRE PERSONAL
Nombre de la persona Goodyear, Frank H.
245 13 - TÍTULO DECLARACIÓN
Título El realismo norteamericano contemporáneo desde 1960
Declaración de responsabilidad / Frank H. Goodyear ; fotografías Will Brown ... [et al.].
260 ## - PUBLICACIÓN, DISTRIBUCIÓN
Lugar de publicación Filadelfia : Pennsylvania Academy of the Fine Arts
Fecha de publicación 1983
300 ## - DESCRIPCIÓN FÍSICA
Alcance 64 p.
Dimensiones / 27 cm.
500 ## - NOTA GENERAL
Nota general Exposición realizada en el Ministerio de Cultura, Dirección General de Bellas Artes, Archivos y Bibliotecas, Madrid, Noviembre 17, 1982 Enero 8, 1983 \ Con el patronazgo del maestro venezolano Jesús Rafael Soto (q.e.p.d.)
650 14 - ENTRADA DE SUJETO AÑADIDO - TÉRMINO TÓPICO
Término tópico o elemento de entrada del nombre geográfico ARTE CONTEMPORANEO ESTADOUNIDENSE
650 14 - ENTRADA DE SUJETO AÑADIDO - TÉRMINO TÓPICO
Subdivisión general CATALOGOS
650 14 - ENTRADA DE SUJETO AÑADIDO - TÉRMINO TÓPICO
Subdivisión general EXPOSICIONES
650 14 - ENTRADA DE SUJETO AÑADIDO - TÉRMINO TÓPICO
Término tópico o elemento de entrada del nombre geográfico PINTORES ESTADOUNIDENSES
650 14 - ENTRADA DE SUJETO AÑADIDO - TÉRMINO TÓPICO
Término tópico o elemento de entrada del nombre geográfico PINTURA ESTADOUNIDENSE
650 14 - ENTRADA DE SUJETO AÑADIDO - TÉRMINO TÓPICO
Término tópico o elemento de entrada del nombre geográfico REALISMO (ARTE) ESTADOS UNIDOS
700 1# - ENTRADA AGREGADA - NOMBRE PERSONAL
Nombre de la persona Brown, Will
Holdings
Estado de retirada Pérdida de estatus Estado dañado No para préstamo Código de recogida Ubicación permanente Ubicación actual Ubicación de las estanterías Fecha de adquisición Número de llamada completo Código de barras Fecha de la última vez que se vio Número de copia Precio efectivo desde Tipo de artículo Koha
        General ArtNexus ArtNexus General 06/09/2022 P-US-00 G66R 1658 06/09/2022 Ej.1 06/09/2022 Libro

Powered by Koha